000 00846nas a2200289 4500
001 BR2011001390
003 BR-BrBNA
005 20231205114511.0
007 ta
008 230509b bl.|||p| |||| 00| 00por d
040 _aBR-BrBNA
_bpor
_cBiblioteca Nacional de Agricultura
041 _a(Pt)
072 _aF04
100 1 _aBiscaro, G.A.
100 1 _aLeal Filho, O.M.
100 1 _aZonta, T.T.
100 1 _aMendonça, V.
100 1 _aMaia, S.M.
245 1 _aAdubação fosfatada na cultura do jiló irrigado nas condições de Cassilândia-MS
650 _aJILÓ
650 _aADUBAÇÃO
650 _aFERTILIZANTE FOSFATADO
650 _aPRODUTIVIDADE
773 0 _tRevista Caatinga (Brazil)
_xISSN 0100-316X
_g(2008), v. 21(5) p. 69-74
_wBR2011001390
909 _a202311
_bLúcia
_c55
_dLúcia Elande
942 _2AGRIS
_n0
_cANA
999 _c209059
_d209059